| 000 | 00668nam a22002057a 4500 | ||
|---|---|---|---|
| 003 | DO-SdBNP | ||
| 005 | 20211008110722.0 | ||
| 007 | ta | ||
| 008 | 210608b 2020 dr a 00| 0 eng d | ||
| 040 |
_aDO-SdBNP _bspa _cBNPHU |
||
| 082 | 4 | _aBNPHU | |
| 100 | 1 |
_aCamogli Jiménez, José Manuel _978766 |
|
| 245 | 1 | 0 |
_aManual básico para camarero de bar / _cJosé Manuel Camogli Jiménez. |
| 246 | 1 | 0 |
_aCamarero de bar : _bservicio en sala. |
| 260 |
_aSantiago de los Caballeros, República Dominicana : _bs.n. , _c2020. |
||
| 300 |
_a269 p. : _bil. ; _c27 cm. |
||
| 500 | _aIncluye datos biográficos del autor | ||
| 590 | _aInventariado, 2021 /LP | ||
| 942 |
_2ddc _cLBS1 |
||
| 999 |
_c49891 _d49891 |
||